| 000 | 01172nam a2200337Ia 4500 | ||
|---|---|---|---|
| 003 | OSt | ||
| 005 | 20221007120814.0 | ||
| 006 | a|||||r|||| 00| 0 | ||
| 007 | ta | ||
| 008 | 221006b |||||||| |||| 00| 0 eng d | ||
| 020 | _a0792330358(V 1) (hbk) | ||
| 024 | _a4637 | ||
| 037 |
_bResearchco, _cTextual |
||
| 040 |
_aBDL _cBDL _beng |
||
| 041 |
_2eng _aeng |
||
| 082 | _aI9B,11:7, N5.1 | ||
| 100 | _aJain S Mohan Ed. | ||
| 245 | 0 |
_aSomatic embryogenesis in woody plants _b Gupta Pramod K Ed. Newton Ronald J Ed. |
|
| 260 |
_aDordrecht _bKluwer Academic Publishers _c1995 |
||
| 300 |
_ax,460p _ccm. |
||
| 490 |
_vV 1. History, molecular and biochemical aspects, and applications _aForestry sciences; 45 |
||
| 500 | _aIncludes bibliographical references; Indexes 439-460p | ||
| 650 | _a Development | ||
| 650 |
_a Embryo _9710033 |
||
| 650 |
_a Plant cell _9710034 |
||
| 650 |
_aPlant science _9710035 |
||
| 700 |
_a Gupta Pramod K Ed. _9710036 |
||
| 700 |
_a Newton Ronald J Ed. _9710037 |
||
| 942 |
_hI9B,11:7, N5.1 _cTEXL _2CC |
||
| 999 |
_c1208027 _d1208027 |
||